<?xml version="1.0" encoding="UTF-8"?><?xml-stylesheet type="text/xsl" href="static/style.xsl"?><OAI-PMH xmlns="http://www.openarchives.org/OAI/2.0/" xmlns:xsi="http://www.w3.org/2001/XMLSchema-instance" xsi:schemaLocation="http://www.openarchives.org/OAI/2.0/ http://www.openarchives.org/OAI/2.0/OAI-PMH.xsd"><responseDate>2026-06-30T01:16:14Z</responseDate><request verb="GetRecord" identifier="oai:riubu.ubu.es:10259/11357" metadataPrefix="marc">https://riubu.ubu.es/oai/request</request><GetRecord><record><header><identifier>oai:riubu.ubu.es:10259/11357</identifier><datestamp>2026-02-12T01:05:50Z</datestamp><setSpec>com_10259_7068</setSpec><setSpec>com_10259_4144</setSpec><setSpec>com_10259.4_106</setSpec><setSpec>com_10259_2604</setSpec><setSpec>col_10259_7150</setSpec></header><metadata><record xmlns="http://www.loc.gov/MARC21/slim" xmlns:doc="http://www.lyncode.com/xoai" xmlns:xsi="http://www.w3.org/2001/XMLSchema-instance" xmlns:dcterms="http://purl.org/dc/terms/" xsi:schemaLocation="http://www.loc.gov/MARC21/slim http://www.loc.gov/standards/marcxml/schema/MARC21slim.xsd">
<leader>00925njm 22002777a 4500</leader>
<datafield tag="042" ind1=" " ind2=" ">
<subfield code="a">dc</subfield>
</datafield>
<datafield tag="720" ind1=" " ind2=" ">
<subfield code="a">Ruiz Hidalgo, David</subfield>
<subfield code="e">author</subfield>
</datafield>
<datafield tag="260" ind1=" " ind2=" ">
<subfield code="c">2021-01</subfield>
</datafield>
<datafield tag="520" ind1=" " ind2=" ">
<subfield code="a">El artículo analiza el horario escolar en los centros educativos y valora la jornada continua como el modelo que mejora el rendimiento del alumnado. Además, aboga por la necesidad de que se alcance una solución consensuada entre todos los agentes implicados en la educación, donde prime el beneficio del alumno.</subfield>
</datafield>
<datafield tag="520" ind1=" " ind2=" ">
<subfield code="a">The article analyzes the school schedule in educational centres and considers the continuous morning hours as the model that improves student performance. In addition, it encourages the need to reach an agreement among all agents involved in education, where the benefit of the student prevails.</subfield>
</datafield>
<datafield tag="024" ind2=" " ind1="8">
<subfield code="a">0210-0630</subfield>
</datafield>
<datafield tag="024" ind2=" " ind1="8">
<subfield code="a">https://hdl.handle.net/10259/11357</subfield>
</datafield>
<datafield tag="024" ind2=" " ind1="8">
<subfield code="a">2386-6322</subfield>
</datafield>
<datafield ind1=" " ind2=" " tag="653">
<subfield code="a">Horario</subfield>
</datafield>
<datafield ind1=" " ind2=" " tag="653">
<subfield code="a">Jornada escolar</subfield>
</datafield>
<datafield ind1=" " ind2=" " tag="653">
<subfield code="a">Familia</subfield>
</datafield>
<datafield ind1=" " ind2=" " tag="653">
<subfield code="a">Docentes</subfield>
</datafield>
<datafield ind1=" " ind2=" " tag="653">
<subfield code="a">Schedule</subfield>
</datafield>
<datafield ind1=" " ind2=" " tag="653">
<subfield code="a">School day</subfield>
</datafield>
<datafield ind1=" " ind2=" " tag="653">
<subfield code="a">Family</subfield>
</datafield>
<datafield ind1=" " ind2=" " tag="653">
<subfield code="a">Teachers</subfield>
</datafield>
<datafield tag="245" ind1="0" ind2="0">
<subfield code="a">¿Jornada escolar? Continua, por supuesto</subfield>
</datafield>
</record></metadata></record></GetRecord></OAI-PMH>